000 01033nam2a22002531 4500
001 RU\NLR\INFOCOMM\1000076595
005 20250617045044.0
035 _a(NLR Aleph) 002461348
090 _a2254953
_c2254953
100 _a20040402d1912 |||y0rusy50 ca
101 0 _arus
102 _aRU
105 _ay |||||||||
200 1 _aОтчет по землечерпанию на реке Каме за навигацию 1910 года
_fП.В. Попов
210 _d1912
_aБ. м.
461 0 _1001RU\NLR\INFOCOMM\1000076571
_12001#$aСборник Казанского округа путей сообщения$fМПС$vВып.24
_92254744
_aКазанский округ путей сообщения
_cКазань
_d1910-1917
_fМПС
_tСборник Казанского округа путей сообщения
_vВып.24
700 1 _aПопов
_bП.В.
_4070
801 1 _aRU
_bInfoComm
_c20040402
801 0 _aRU
_bNLR
_gPSBO
852 _aNLR
_j38.15.1.22
942 _cISSUE
980 _aNB
980 _aRUSPER